MARC

LEADER 00000nam0a2200000 4500
001 299884
005 20231102001239.0
020 |a RU  |b 83-26971 
035 |a (RuTPU)RU\TPU\book\325037 
035 |a RU\TPU\book\218819 
090 |a 299884 
100 |a 20150703d1981 k y0rusy5003 ca 
101 0 |a rus 
102 |a RU 
105 |a y z 001zy 
200 1 |a Проблемы современной теории периодических движений  |e межвузовский сборник  |f Удмуртский государственный университет (УдГУ) ; Ижевский механический институт ; под ред. Ю. В. Комленко 
210 |a Ижевск  |c Изд-во ИМИ  |d 1981 
215 |a 79 с. 
320 |a Библиография в конце статей 
606 1 |a Движение  |x Устойчивость  |x (математика)  |2 stltpush  |3 (RuTPU)RU\TPU\subj\8930  |9 36240 
610 1 |a периодические движения 
610 1 |a теория 
610 1 |a проблемы 
610 1 |a параметрический резонанс 
610 1 |a функция Грина 
610 1 |a операторные уравнения 
610 1 |a двусторонние приближения 
610 1 |a разностные операторы 
675 |a 517.929  |v 3 
702 1 |a Комленко  |b Ю. В.  |4 340 
712 0 2 |a Удмуртский государственный университет (УдГУ)  |c (Ижевск)  |2 stltpush  |3 (RuTPU)RU\TPU\col\1581 
712 0 2 |a Ижевский механический институт  |2 stltpush  |3 (RuTPU)RU\TPU\col\12489  |9 25432 
801 0 |a RU  |b RuMRKP  |c 19950704  |g psbo 
801 1 |a RU  |b 63413507  |c 20110914 
801 2 |a RU  |b 63413507  |c 20190218  |g RCR 
942 |c BK